000 00863nam a2200217 a 4500
001 BRCA_1076
005 20190320203252.0
008 220508s1998----gw-a---###---#000-0#ger-#
020 _a3931936163
050 4 _aNK2397
_b.M54 1998
245 1 0 _aMies van der Rohe
_bMöbel und Buten in Stuttgart, Barcelona, Brno.
260 _a[Weil-am-Rhein], Alemania
_bVitra Design Museum
_c1998
300 _a225 p.
_bil. a color
_c26 cm.
500 _aCatálogo de la exposición realizada en el Museo Franz Mayer (Ciudad de México), 16 julio - 3 octubre, 1997
504 _aBibliografía: p. 220-222
600 1 4 _aRohe, Ludwig Mies van der
_d1886-1969
_xCrítica e interpretación
_93546
650 1 4 _aArquitecto
_ySiglo XX
_zAlemania
_93547
650 1 4 _aDiseño industrial
_ySiglo XX
_zAlemania
_93548
650 1 4 _aMuebles
_xDiseño
_ySiglo XX
_zAlemania
_93549
942 _2lcc
_cB
999 _c955
_d955